|
|
|
|
| LEADER |
00000nam a2200000 a 4500 |
| 001 |
vtls001280187 |
| 003 |
SK-MaSNL |
| 005 |
20260301234808.0 |
| 008 |
240314s1989 xx 0 und |
| 035 |
|
|
|a SNK000231563
|
| 040 |
|
|
|a SNK
|b slo
|c SNK
|e AACR2
|
| 100 |
1 |
|
|a Klimek, Antonín,
|d 1937-2005
|4 aut
|9 74526
|
| 245 |
1 |
0 |
|a Jak se dělal mír roku 1919.
|b Československo na konferenci ve Versailles
|
| 260 |
|
|
|a Praha
|b Melantrich
|c 1989
|
| 300 |
|
|
|a 40 s.
|
| 958 |
|
|
|a OND
|
| 999 |
|
|
|c 971925
|d 973855
|
| 952 |
|
|
|t P60, <04>, [BOOK], {604}
|a SNK
|b SNK
|y VYP
|7 0
|p 17A0053237
|o snkSB 45339 D1
|0 0
|1 0
|4 0
|d 1997-03-15
|l 0
|r 2005-01-02 00:00:00
|w 2026-02-24
|
| 952 |
|
|
|a SNK
|b SNK
|y PREZ
|7 0
|p 17A0852250
|o snkSB 45339
|0 0
|1 0
|4 0
|d 2012-07-06
|l 0
|r 2026-02-24 10:53:53
|w 2026-02-24
|